000 00641nam a2200277Ia 4500
005 20260324123943.0
008 008 260324s9999 xx 000 0 eng d
020 _a9781315835006
037 _aEBOOK
040 _aCRL
040 _beng
040 _cCRL
041 _2eng
041 _aeng
084 _qCRL
100 _aPaul Dixon; Eamonn O'Kane
_91172290
245 0 _aNorthern Ireland Since 1969
260 _bTaylor and Francis
260 _c2011
365 _a
365 _b230
856 _uhttp://www.taylorfrancis.com/books/9781315835006
942 _cEBOOK
999 _c1766248
_d1766248